000 00536cam a22002172a 4500
001 016021
003 AR-FADEU
008 311216n1989####xxu####################dd
020 _a950-23-0057-2
092 _aD340.1
_bK29-26
100 _aKelsen, Hans
245 _aTeoría pura del derecho : introducción a la ciencia del derecho
250 _a26a. ed
260 _aBuenos Aires
260 _bEUDEBA
260 _c1989
300 _a245 p
500 _aIncluye bibliografía
650 _aDERECHO-TEORIA
942 _cBDGR
999 _c21779
_d21779